000 00601cam a22002051 4500
001 ca 34000919
003 DLC
005 20260227111132.0
008 770317s1933 nyu 000 0 eng
010 _aca 34000919
035 _a(OCoLC)2810245
040 _aDLC
_cRPB
_dRPB
_dOCoLC
_dDLC
050 0 0 _aPS3501.L477
_bW5 1933
082 _a812.5
100 1 _aAllan, Dorothy C.
_q(Dorothy Carter),
_d1896-1974.
245 1 0 _aWhen the sun rises,
_ba play in one act,
_cby Dorothy C. Allan.
260 _aNew York,
_bFitzgerald Pub. Corp.
_c[1933]
300 _a15 p.
_c19 cm.
490 0 _aPlayhouse plays
999 _c17406
_d17406